00720 2200241 4500001002100000005001700021008004100038020002200079035002500101040001200126082001400138084001600152100002400168245009300192250001100285260003300296300003200329504003100361650003700392700001900429850001200448990001800460INLIS00000000001257620151013104135.0  a978-602-7640-04-7 a0010-091500000001089 aYOPDYOG 223a371.2 a371.2 Jam T aJAMAL Makmur Asmani aTips efektif supervisi pendidikan sekolahc/ Jamal Makmur Asmani; editor, Dirusdi Toanto aCet. 1 aJogjakartabDiva Pressc2012 a358 hlm.b: Ilus.c; 20 cm. aBibliografi : hlm. 245-247 aManajemen dan Organisasi sekolah aDIRUSDI Toanto aYOPDYOG a50642-PD/A.15